Full 2024 NFL Draft - Statistics

General Stats
  • This quiz has been taken 100 times
  • The average score is 68 of 264
Answer Stats
Pick College Position Answer % Correct
1 USC QB Caleb Williams
100%
2 LSU QB Jayden Daniels
99%
3 North Carolina QB Drake Maye
96%
11 Oregon S Evan Williams
96%
22 Miami S James Williams
96%
4 Ohio State WR Marvin Harrison Jr.
93%
27 Auburn DT Marcus Harris
90%
8 Washington QB Michael Penix Jr.
89%
12 Oregon QB Bo Nix
88%
10 Michigan QB J.J. McCarthy
87%
6 LSU WR Malik Nabers
87%
5 Notre Dame OT Joe Alt
86%
9 Washington WR Rome Odunze
82%
23 LSU WR Brian Thomas Jr.
80%
13 Georgia TE Brock Bowers
80%
13 Louisiana OT Nathan Thomas
80%
3 Clemson EDGE Xavier Thomas
80%
20 Texas WR Adonai Mitchell
72%
22 Toledo CB Quinyon Mitchell
72%
32 South Carolina WR Xavier Legette
67%
28 Texas WR Xavier Worthy
67%
19 Florida St. EDGE Jared Verse
66%
15 UCLA EDGE Laiatu Latu
66%
7 Alabama OT JC Latham
65%
8 Iowa CB Cooper DeJean
64%
1 Florida St. WR Keon Coleman
63%
3 TCU OG Brandon Coleman
61%
16 Texas Tech EDGE Myles Cole
61%
16 Texas DT Byron Murphy
60%
17 Alabama EDGE Dallas Turner
60%
11 Penn St. OT Olu Fashanu
60%
31 Florida WR Ricky Pearsall
60%
21 Penn St. EDGE Chop Robinson
58%
27 Missouri EDGE Darius Robinson
58%
32 Texas RB Keilan Robinson
58%
2 Georgia WR Ladd McConkey
58%
3 Texas A&M OG Layden Robinson
58%
24 Alabama CB Terrion Arnold
58%
30 Clemson CB Nate Wiggins
57%
12 Oregon C Jackson Powers-Johnson
55%
14 Oregon St. OT Taliese Fuaga
53%
18 Georgia OT Amarius Mims
52%
17 Texas A&M WR Ainias Smith
51%
5 Washington WR Ja'Lynn Polk
51%
16 LSU DT Maason Smith
51%
26 Geogria S Tykee Smith
51%
38 Ole Miss EDGE Cedric Johnson
49%
33 Michigan WR Cornelius Johnson
49%
7 Penn St. TE Theo Johnson
49%
9 Alabama CB Kool-Aid McKinstry
46%
20 Washington OG Troy Fautanu
45%
25 Arizona OT Jordan Morgan
43%
29 Oklahoma OT Tyler Guyton
42%
19 Michigan RB Blake Corum
40%
7 Florida St. DT Braden Fiske
40%
27 Texas OT Christian Jones
39%
27 Boston College CB Elijah Jones
39%
33 Florida St. CB Jarrian Jones
39%
14 Texas RB Jonathon Brooks
39%
4 Illinois DT Jer'Zhan Newton
37%
9 Florida St. WR Johnny Wilson
37%
14 TCU CB Josh Newton
37%
34 Texas A&M DT McKinnley Jackson
37%
35 NC St. LB Payton Wilson
37%
20 Michigan WR Roman Wilson
37%
19 Washington St. EDGE Brennan Jackson
36%
13 Texas A&M LB Edgerrin Cooper
36%
6 Tulane WR Jha'Quan Jackson
36%
8 Oregon CB Khyree Jackson
36%
15 Minnesota S Tyler Nubin
36%
2 Oregon WR Troy Franklin
35%
1 Western Kentucky WR Malachi Corley
34%
11 Rutgers CB Max Melton
34%
32 Florida St. CB Renardo Green
34%
10 Georgia CB Kamari Lassiter
33%
2 Florida St. RB Trey Benson
33%
6 Texas DT T'Vondre Sweat
33%
19 West Virginia C Zach Frazier
33%
28 Utah S Cole Bishop
31%
29 Missouri CB Ennis Rakestraw
30%
29 Washington WR Jalen McMillan
30%
16 Alabama WR Jermaine Burton
30%
37 RIce WR Luke McCaffrey
30%
21 Kansas St. TE Ben Sinnott
29%
18 Michigan CB Mike Sainristil
29%
15 South Carolina QB Spencer Rattler
29%
25 Oregon RB Bucky Irving
28%
9 Kansas St. OG Cooper Beebe
28%
3 Clemson DT Ruke Orhorhoro
28%
6 Kentucky CB Andru Phillips
27%
15 Iowa TE Erick All
27%
26 Georgia S Javon Bullard
27%
25 USC RB MarShawn Lloyd
27%
38 South Dakota St. RB Isaiah Davis
25%
6 Miami CB Jaden Davis
25%
23 Houston OT Patrick Paul
25%
28 Kentucky RB Ray Davis
25%
20 Clemson DT Tyler Davis
25%
27 Notre Dame OT Blake Fisher
24%
34 Wisconsin RB Braelon Allen
23%
14 USC S Calen Bullock
23%
10 UCF WR Javon Baker
23%
31 BYU OT Kingsley Suamataia
23%
22 Iowa P Tory Taylor
23%
3 Air Force S Trey Taylor
23%
12 Notre Dame RB Audric Estime
22%
25 Alabama EDGE Chris Braswell
22%
1 Texas TE Ja'Tavion Sanders
22%
17 Tennessee QB Joe Milton
22%
30 Washington OT Roger Rosengarten
22%
31 Purdue RB Tyrone Tracy Jr.
22%
27 Clemson RB Will Shipley
22%
10 Washinton EDGE Bralen Trice
20%
13 North Carolina WR Devontez Walker
20%
5 Michigan LB Junior Colson
20%
17 Michigan DT Kris Jenkins
20%
24 Western Michigan EDGE Marshawn Kneeland
20%
22 Ohio St. DT Michael Hall
20%
21 Michigan OG Zak Zinter
20%
5 USC WR Brenden Rice
19%
17 UConn OG Christian Haynes
19%
23 Ohio St. TE Cade Stover
18%
31 Houston Christian EDGE Jalyx Hunt
18%
20 Tennessee RB Jaylen Wright
18%
36 Florida St. QB Jordan Travis
18%
25 Tulane QB Michael Pratt
18%
32 Duke DT DeWayne Carter
17%
16 Auburn CB D.J. James
17%
29 Louisville RB Isaac Guerendo
17%
36 Miami S Kamren Kinchens
17%
21 Michigan TE AJ Barner
16%
42 Kentucky QB Devin Leary
16%
33 Washington St. S Jaden Hicks
16%
12 Utah EDGE Jonah Elliss
16%
11 Yale OT Kiran Amegadjie
16%
15 Pittsburgh OT Matt Goncalves
16%
30 Iowa St. CB T.J. Tampa
16%
27 Alabama PK Will Reichard
16%
4 Penn St. OT Caedan Wallace
14%
23 Kansas OT Dominick Puni
14%
7 Illinois OT Isaiah Adams
14%
31 TCU TE Jared Wiley
14%
24 Notre Dame LB Marist Liufau
14%
2 Maryland CB Tarheeb Still
14%
18 Illinois TE Tip Reiman
14%
8 Kentucky LB Trevin Wallace
14%
28 Missouri LB Ty'Ron Hopper
14%
9 Kansas EDGE Austin Booker
13%
5 Notre Dame CB Cam Hart
13%
11 Illinois WR Casey Washington
13%
6 North Carolina LB Cedric Gray
13%
13 Maryland OT Delmar Glaze
13%
15 Utah WR Devaughn Vele
13%
35 Arizona WR Jacob Cowing
13%
5 Troy RB Kimani Vidal
13%
8 Virginia WR Malik Washington
13%
21 USC WR Tahj Washington
13%
7 Oregon St. WR Anthony Gould
12%
12 Mississippi St. CB Decamerion Richardson
12%
32 New Hampshire RB Dylan Laube
12%
26 British Columbia OT Giovanni Manu
12%
29 Louisville RB Jawhar Jordan
12%
37 Alabama S Jaylen Key
12%
37 Texas WR Jordan Whittington
12%
6 Georgia C Sedrick Van Pran-Granger
12%
32 Utah S Sione Vaki
12%
30 Penn St. LB Adisa Isaac
11%
9 Oregon DT Brandon Dorlus
11%
36 Arkansas PK Cam Little
11%
34 Boston College OG Christian Mahogany
11%
4 Texas Tech S Dadrion Taylor-Demerson
11%
11 Florida St. TE Jaheim Bell
11%
12 Oregon LB Jamal Hill
11%
16 LSU DT Jordan Jefferson
11%
19 South Dakota St. OG Mason McCormick
11%
41 Toronto Argonauts CB Qwan'tez Stiggers
11%
41 Arkansas C Beaux Limmer
10%
21 Louisville WR Jamari Thrash
10%
14 Missouri OT Javon Foster
10%
29 Auburn S Jaylin Simpson
10%
8 Notre Dame LB JD Bertrand
10%
33 Stanford PK Joshua Karty
10%
35 Penn St. CB Kalen King
10%
1 Auburn CB Nehemiah Pritchett
10%
30 Marshall RB Rasheen Ali
10%
17 Wisconsin C Tanor Bortolini
10%
26 Washington TE Devin Culp
8%
20 Clemson LB Jeremiah Trotter Jr.
8%
4 Temple LB Jordan Magee
8%
5 Alabama DT Justin Eboigbe
8%
34 Oregon St. S Kitan Oladapo
8%
10 Missouri CB Kris Abrams-Draine
8%
2 Iowa DT Logan Lee
8%
24 Wake Forest S Malik Mustapha
8%
17 Miami C Matt Lee
8%
18 UTEP LB Tyrice Knight
8%
35 Pittsburgh WR Bub Means
7%
39 Wake Forest CB Caelen Carson
7%
11 Louisville CB Jarvis Brownlee
7%
33 Troy EDGE Javon Solomon
7%
2 Notre Dame EDGE Javontae Jean-Baptiste
7%
40 Texas LB Jaylan Ford
7%
32 Michigan EDGE Jaylen Harrell
7%
16 Missouri S Jaylon Carlies
7%
35 Tennessee CB Kamal Hadden
7%
13 LSU DT Mekhi Wingo
7%
20 Michigan LB Michael Barrett
7%
23 Colorado St. EDGE Mohamed Kamara
7%
7 South Dakota CB Myles Harden
7%
40 Southeast Missouri St. WR Ryan Flournoy
7%
19 Texas CB Ryan Watts
7%
15 UAB WR Tejhaun Palmer
7%
13 Ohio St. LB Tommy Eichenberg
7%
1 England OG Travis Clayton
7%
26 Georgia St. OT Travis Glover
7%
1 Oklahoma OT Walter Rouse
7%
22 Washington St. CB Chau Smith-Wade
6%
43 Penn St. CB Daequan Hardy
6%
7 UCLA LB Darius Muasau
6%
18 Ole Miss CB Deantre Prince
6%
26 Washington S Dominique Hampton
6%
25 Washington LB Edefuan Ulofoshio
6%
24 Penn St. C Hunter Nourzad
6%
28 Duke C Jacob Monk
6%
10 Alabama RB Jase McClellan
6%
24 Auburn DT Justin Rogers
6%
23 Northern Iowa DT Khristian Boyd
6%
34 Kansas St. OG KT Leveston
6%
29 Michigan OT LaDarius Henderson
6%
12 Texas A&M-Commerce DT Levi Drake Rodriguez
6%
4 South Carolina CB Marcellas Dial
6%
10 Wake Forest C Michael Jurgens
6%
30 Mississippi St. LB Nathaniel Watson
6%
3 Utah OG Sataoa Laumea
6%
18 Arizona TE Tanner McLachlan
6%
28 Holy Cross OG C.J. Hanson
5%
4 Ole Miss S Daijahn Anthony
5%
14 NC State OG Dylan McMahon
5%
44 UTEP OG Elijah Klein
5%
24 Mississippi St. DT Jaden Crumedy
5%
39 USC OG Jarrett Kingston
5%
14 Oklahoma DT Jonah Laulu
5%
19 Eastern Kentucky OT Josiah Ezirim
5%
23 Cincinnati DT Jowon Briggs
5%
25 Marshall CB Micah Abraham
5%
31 Findlay OT Michael Jerrell
5%
9 Pittsburgh CB M.J. Devonshire
5%
36 South Carolina C Nick Gargiulo
5%
8 Michigan St. C Nick Samac
5%
22 California S Patrick McMorris
5%
30 Purdue S Sanoussi Kane
5%
18 USC EDGE Solomon Byrd
5%
31 Florida St. LB Tatum Bethune
5%
37 Michigan OG Trevor Keegan
5%
28 UCF OT Tylan Grable
5%
21 Georgia DT Zion Logue
5%
26 Duke C Graham Martin
2%
Round 1 Round 1 Round 1 Round 1
0%
Round 2 Round 2 Round 2 Round 2
0%
Round 3 Round 3 Round 3 Round 3
0%
Round 4 Round 4 Round 4 Round 4
0%
Round 5 Round 5 Round 5 Round 5
0%
Round 6 Round 6 Round 6 Round 6
0%
Round 7 Round 7 Round 7 Round 7
0%
No matching quizzes found
Score Distribution
Percent of People with Each Score
Percentile by Number Answered
Your Score History
You have not taken this quiz